000 01076nam a22002417a 4500
003 OSt
005 20250917083942.0
008 240228b ||||| |||| 00| 0 eng d
040 _c0
082 _aDPer 621.317 Ie21 June 2022 v. 37 n. 6
100 _aKim, Hyungjin.
_eauthor.
_953637
245 _aA single-stage electrolytic capacitor-less EV charger with single- and three-phase compatibility /
_cHyungjin Kim, Junyeong Park, Sunju Kim, Ramadhan Muhammad Hakim, Hamza Belkamel, and Sewan Choi.
260 _aNew York ;
_bThe Institute of Electrical and Electronics Engineers, Inc. ,
_cJune 2022.
300 _aVolume 37, pages 6780-6791 :
_billustration ;
_c29 cm.
500 _aIEEE Transactions on Power Electronics, vol. 37, no. 6, pages 6780-6791, June 2022.
700 _aKim, Hyungjin.
_eauthor.
_953637
700 _aPark, Junyeong.
_eauthor.
_953638
700 _aKim, Sunju.
_eauthor.
_953639
700 _aHakim, Ramadhan Muhammad.
_eauthor.
_953640
700 _aBelkamel, Hamza.
_eauthor.
_953641
700 _aChoi, Sewan.
_eauthor.
_953642
942 _2ddc
_cPER
999 _c19428
_d19428